[Event "YUG-chT 38th"]
[Site "Sibenik"]
[Date "1986.??.??"]
[Round "?"]
[White "Lalic, Bogdan"]
[Black "Osmanagic, Muamer"]
[Result "1-0"]
[WhiteElo "2450"]
[BlackElo "2250"]
[PlyCount "82"]
[EventDate "1986.??.??"]
[EventType "team"]
[EventRounds "9"]
[EventCountry "YUG"]
[SourceTitle "EXT 2009"]
[Source "ChessBase"]
[SourceDate "2008.11.26"]
[SourceVersion "1"]
[SourceVersionDate "2008.11.26"]
[SourceQuality "1"]

1. d4 Nf6 2. c4 g6 3. Nc3 d5 4. e3 Bg7 5. Qb3 c6 6. Nf3 0-0 7. Be2 dxc4 8. Bxc4 b5 9. Be2 Be6 10. Qc2 a6 11. 0-0 Nd5 12. Nxd5 cxd5 13. a4 b4 14. a5 Qd6 15. Bd2 Nc6 16. Rfc1 Bd7 17. Qb3 Rfb8 18. Rc5 e6 19. Rac1 Bf8 20. Qd1 Rc8 21. Qf1 Qb8 22. Bxa6 Rc7 23. R5c2 Raa7 24. g3 Nxa5 25. Ne5 Be8 26. Rxc7 Rxc7 27. Rxc7 Qxc7 28. Bb5 Bxb5 29. Qxb5 Nc4 30. Bxb4 Nxe5 31. Bxf8 Kxf8 32. dxe5 Qxe5 33. Qc5+ Kg8 34. b4 Qa1+ 35. Kg2 Qb1 36. b5 Qe4+ 37. Kf1 e5 38. b6 Kg7 39. Qb5 d4 40. b7 d3 41. Ke1 Qf3 1-0

[Event "YUG Team-ch35"]
[Site "Medulin"]
[Date "1983.??.??"]
[Round "?"]
[White "Osmanagic, Muamer"]
[Black "Golubovic, Zoran"]
[Result "0-1"]
[WhiteElo "2360"]
[BlackElo "2255"]
[PlyCount "71"]
[EventDate "1983.??.??"]
[EventType "team"]
[EventRounds "9"]
[EventCountry "YUG"]
[SourceTitle "EXT 2009"]
[Source "ChessBase"]
[SourceDate "2008.11.26"]
[SourceVersion "1"]
[SourceVersionDate "2008.11.26"]
[SourceQuality "1"]

1. d4 d5 2. Nf3 e6 3. g3 Nf6 4. Bg2 Be7 5. 0-0 0-0 6. c4 b6 7. Nc3 Bb7 8. Qc2 Nc6 9. Bf4 dxc4 10. Rad1 Nd5 11. Bc1 Ncb4 12. Qd2 c5 13. a3 Nc6 14. dxc5 Bxc5 15. Qc2 Qc7 16. Nxd5 exd5 17. Rxd5 Ne7 18. Rh5 Ng6 19. Bf4 Qc8 20. Bh3 Qc6 21. Bf5 Rfe8 22. e4 Nxf4 23. Bxh7+ Kf8 24. gxf4 g6 25. Rh3 Rxe4 26. Qc3 Bd4 27. Nxd4 Rxd4 28. f3 Rad8 29. Kh1 Qf6 30. Qb4+ Kg7 31. Qe1 Bc8 32. f5 Bxf5 33. Rg3 Kxh7 34. Qc3 Kg7 35. Rfg1 b5 36. Qe3 0-1